| 000 | 00357nam a2200145Ia 4500 | ||
|---|---|---|---|
| 008 | 230312s9999||||xx |||||||||||||| ||und|| | ||
| 020 | _a81-317-0677-0 | ||
| 082 |
_a621.385 _bPOH-M |
||
| 100 | _aPohot;Goutam | ||
| 245 | 0 | _aMachine drawing With Autocad | |
| 260 |
_bDorling _aIndia _c2007 |
||
| 300 | _a480 | ||
| 650 |
_aEngineering _vAvionics |
||
| 942 | _cBK | ||
| 999 |
_c12481 _d12481 |
||